000 00973nam a2200253 a 4500
001 099291
003 BD-ChCU
005 20230204170635.0
008 014s2018 aii b 001 eng
020 _a৮১ ৮৯১৬৯ ৪২ ৪
040 _aDLC
_cDLC
_dBD-ChCU
082 0 0 _a৩০০.৭/সমা৭৫
100 _aপ্রমানিক, সুরপতি....(et.al.).
_c
245 _aসমাজবিদ্যা শিক্ষণের বিষয়বস্তু ও পদ্ধতিগত কৌশল
_c
_c
246 _aSomajbidda shikhoner bishoybostu o poddoti kousol.
_c
_c
250 _aসং
260 _aআহেলি পাব.
_cকলকাতা
_c২০১৪
300 _a২২৪পৃ.
504 _aIncludes index and bibliography
650 0 _aসমাজবিজ্ঞান - শিক্ষা ৷
_cসমাজবিজ্ঞান
650 0 _aSomajbighan - Shikha.
700 1 _a
942 _2ddc
_cBK
999 _c99291
_d99291